000 00298nam a2200121Ia 4500
008 231129s9999||||xx |||||||||||||| ||spa||
040 _bspa
082 _a398.234 S425c
100 _aScott-Elliot W
245 0 _aLos continentes perdidos: Lemuria y Atlantida
264 _aKier
942 _2ddc
_cBKS
999 _c19571
_d19571